000 00244 a2200109 4500
001 63539
082 _a551.5 MIL
090 _c37536
_d37536
100 _aMiller,A
245 _aElements of Meterorology
260 _aColumbus
_bCharles E Merrill
942 _acasnust
_k551.5 MIL
999 _c298612
_d298612